Tanganyika : (Record no. 3553)

MARC details
000 -LEADER
fixed length control field 00650nam a22002055a 4500
001 - CONTROL NUMBER
control field 136701
003 - CONTROL NUMBER IDENTIFIER
control field OSt
005 - DATE AND TIME OF LATEST TRANSACTION
control field 20230704082817.0
008 - FIXED-LENGTH DATA ELEMENTS--GENERAL INFORMATION
fixed length control field 971219s1955 xx 000 0 eng
010 ## - LIBRARY OF CONGRESS CONTROL NUMBER
LC control number 97227177
040 ## - CATALOGING SOURCE
Original cataloging agency DLC
Transcribing agency DLC
082 ## - DEWEY DECIMAL CLASSIFICATION NUMBER
Classification number 338.93
Item number HIL
100 1# - MAIN ENTRY--PERSONAL NAME
Personal name Hill, J. F. R.
245 10 - TITLE STATEMENT
Title Tanganyika :
Remainder of title a review of its resources and their development /
Statement of responsibility, etc. J.F.R. Hill ; prepared under the direction of J.F.R. Hill and edited by J.F. Moffett.
260 ## - PUBLICATION, DISTRIBUTION, ETC. (IMPRINT)
Place of publication, distribution, etc. Dar as Salaam :
Name of publisher, distributor, etc. Govt. of Tanganyika,
Date of publication, distribution, etc. 1955.
300 ## - PHYSICAL DESCRIPTION
Extent xviii, 924 p.
906 ## - LOCAL DATA ELEMENT F, LDF (RLIN)
a 0
b ibc
c orignew
d 3
e ncip
f 19
g y-gencatlg
942 ## - ADDED ENTRY ELEMENTS (KOHA)
Source of classification or shelving scheme Dewey Decimal Classification
Koha item type Books
Holdings
Withdrawn status Lost status Source of classification or shelving scheme Damaged status Not for loan Home library Current library Date acquired Total Checkouts Full call number Barcode Date last seen Price effective from Koha item type
    Dewey Decimal Classification     County Hall Archives County Hall Archives 07/04/2023   338.93 HIL 10000658 07/04/2023 07/04/2023 Books
LIBRARY OPENING HOURS

When the Parliament is sitting: 8.00a.m - 7.00p.m or until the house adjourns
Mondays and Fridays and when the House is on Recess:  8.00a.m - 5.00p.m
Closed on Weekends and Public Holidays

Online Public Access Catalog (OPAC)
Website: http://www.parliament.go.ke
Bunge Library: https://libraryir.parliament.go.ke
Contact: library@parliament.go.ke | Tel no: (254-2)2221291 or 2848000 Ext 5043